| 000 | 00528nam a22001817a 4500 | ||
|---|---|---|---|
| 005 | 20150124124746.0 | ||
| 008 | 130709t ar ||||| |||| 00| 0 esp d | ||
| 050 | 0 |
_aB 77 _bG84 1960 |
|
| 100 | 1 | _aGuglielmini Homero M. | |
| 245 | 1 | 0 |
_aComo Leer Filosofía / _cHomero M. Guglielmini. |
| 250 | _a1ra. Ed. | ||
| 260 |
_aBuenos Aires Argentina : _bAtlantida, _c1960. |
||
| 300 |
_a205 p,; _c16 cm. |
||
| 504 | _aIncluye: Indice. | ||
| 650 | 7 |
_2Lemb _aFilosofía _xPedagogía |
|
| 700 | _aGuglielmini Homero M. | ||
| 942 |
_2ddc _cLIB |
||
| 999 |
_c39212 _d39212 |
||